|
|
|
|
| LEADER |
00000ny a22000003n 4500 |
| 005 |
20030710090715.0 |
| 008 |
020402s2002 sp b 000 0 spa |
| 010 |
|
|
|a 2002725533
|
| 020 |
|
|
|a 9788495665010
|
| 035 |
|
|
|a 3283
|
| 040 |
|
|
|a DLC
|c DLC
|d vLex
|
| 043 |
|
|
|a cl-----
|
| 050 |
0 |
0 |
|a KG481
|b .A967 2002
|
| 082 |
0 |
0 |
|a 769.56/7/088369430973
|2 22
|
| 090 |
|
|
|c 795
|d 795
|
| 100 |
1 |
|
|a Aparicio Wilhelmi, Marco
|
| 245 |
1 |
4 |
|a Los pueblos indg̕enas y el Estado
|h [Recurso electrn̤ico]
|b el reconocimiento constitucional de los derechos indg̕enas en Amřica Latina /
|c Marco Aparicio Wilhelmi
|
| 256 |
|
|
|a Servicio en ln̕ea
|
| 260 |
|
|
|a Barcelona :
|b Cedecs Editorial,
|c 2002
|
| 300 |
|
|
|a xv, 190 p. ;
|c 23 cm
|
| 504 |
|
|
|a Includes bibliographical references (p. 185-190)
|
| 506 |
1 |
|
|a Contenido solo disponible en los productos indicados
|d vLex Global
|d vLex Global (Academic Edition, excluding Law Schools)
|d vLex Global (U.S. Academic Edition, Law Schools)
|d vLex Global (U.S. Academic Edition, excluding Law Schools)
|d vLex Global (Academic Edition, Law Schools)
|
| 650 |
0 |
7 |
|a Derechos constitucionales
|2 Tesauro vLex
|
| 650 |
0 |
7 |
|2 Tesauro vLex
|a Derechos fundamentales
|
| 650 |
0 |
7 |
|2 Tesauro vLex
|a Derecho a la cultura
|
| 650 |
0 |
7 |
|2 Tesauro vLex
|a Derechos a las minora̕s
|
| 650 |
0 |
7 |
|2 Tesauro vLex
|a Derechos de los pueblos
|
| 740 |
0 |
|
|a vLex Libros (Servicios en ln̕ea)
|
| 856 |
4 |
0 |
|z Acceso restringido
|u http://vlex.com/source/3283
|
| 942 |
|
|
|c BOOK
|
| 999 |
0 |
|
|a Law
|b Barcelona
|